| 000 | 01052nam a2200325 i 4500 | ||
|---|---|---|---|
| 001 | bg | ||
| 003 | BPK | ||
| 005 | 20211203145838.0 | ||
| 008 | 080103s2007 pl a f f |001 0 pol | ||
| 015 | _aPB 2008/1382 | ||
| 020 | _a9788373482067 | ||
| 040 |
_aWA N _cBPK |
||
| 080 | _a510.5 | ||
| 080 | _a519.85 | ||
| 080 | _a004.021 | ||
| 080 | _a(075.8) | ||
| 100 | 1 |
_aKubale, Marek _d(1946- ) _eAutor |
|
| 245 | 1 | 0 |
_aŁagodne wprowadzenie do analizy algorytmów / _cMarek Kubale. |
| 250 | _aWyd. 4. | ||
| 260 |
_aGdańsk : _bWydawnictwo Politechniki Gdańskiej, _c2007. |
||
| 300 |
_a94, [2] s. : _bil. ; _c24 cm. |
||
| 504 | _aBibliogr. s. [95]. Indeks. | ||
| 650 | 4 | _aProgramowanie (informatyka) | |
| 650 | 4 | _aAlgorytmy | |
| 655 | 4 | _aPodręczniki akademickie | |
| 658 | _aInformatyka i technologie informacyjne | ||
| 710 | 2 |
_aWydawnictwo Politechniki Gdańskiej _4pbl. |
|
| 856 |
_uhttp://koha.tu.koszalin.pl/cgi-bin/koha/opac-detail.pl?biblionumber=55569 _yKatalog online BPK |
||
| 942 |
_2UKD _cKS |
||
| 999 |
_c55569 _d55569 |
||